Características de la enseñanza primara en Francia, Bélgica y Cantón suizo de Neuchatel / (Record no. 181217)

MARC details
000 -LEADER
campo de control de longitud fija 00965nam a2200205 i 4500
001 - NÚMERO DE CONTROL
campo de control 181217
003 - IDENTIFICADOR DE NÚMERO DE CONTROL
campo de control ES-MaACL
005 - FECHA Y HORA DE LA ÚLTIMA TRANSACCIÓN
campo de control 20230906221313.0
008 - DATOS DE LONGITUD FIJA--INFORMACIÓN GENERAL
campo de control de longitud fija 121102s1924 sp |||| | spa d
100 1# - ENTRADA PRINCIPAL--NOMBRE DE PERSONA
Nombre de persona Ballesteros y Usano, Antonio.
9 (RLIN) 25069
245 10 - MENCIÓN DEL TÍTULO
Título Características de la enseñanza primara en Francia, Bélgica y Cantón suizo de Neuchatel /
Mención de responsabilidad, etc. por Antonio Ballesteros Usano.
260 ## - PUBLICACIÓN, DISTRIBUCIÓN, ETC.
Lugar de publicación, distribución, etc. Madrid :
Nombre del editor, distribuidor, etc. Junta para Ampliación de Estudios e Investigaciones Científicas,
Fecha de publicación, distribución, etc. 1924.
300 ## - DESCRIPCIÓN FÍSICA
Extensión P. [211]-262 ;
Dimensiones 23 cm.
490 1# - MENCIÓN DE SERIE
Mención de serie Anales de la Junta para Ampliación de Estudios e Investigaciones Científicas ;
Designación de volumen o secuencia t. 19, memoria 5
650 ## - PUNTO DE ACCESO ADICIONAL DE MATERIA--TÉRMINO DE MATERIA
Término de materia o nombre geográfico como elemento de entrada Enseñanza primaria-
Subdivisión geográfica Europa.
9 (RLIN) 151731
710 2# - ENTRADA AGREGADA--NOMBRE DE ENTIDAD CORPORATIVA
Nombre de entidad corporativa o nombre de jurisdicción como elemento de entrada Junta para la Ampliación de Estudios e Investigaciones Científicas.
9 (RLIN) 5413
830 0# - PUNTO DE ACCESO ADICIONAL DE SERIE-TÍTULO UNIFORME
Título uniforme Anales de la Junta para Ampliación de Estudios e Investigaciones Científicas ;
Designación de volumen o secuencia t. 19, memoria 5
9 (RLIN) 186710
852 ## - LOCALIZACIÓN
Ubicación ES-MaACL
Número de control de estantería B-13175(5)
Holdings
Estatus retirado Estado de pérdida Estado de daño No para préstamo Biblioteca de origen Biblioteca actual Ubicación en estantería Fecha de adquisición Fuente de adquisición Total de préstamos Signatura topográfica completa Código de barras Visto por última vez Precio de reemplazo Tipo de ítem Koha
        Biblioteca del Ateneo de Madrid Biblioteca del Ateneo de Madrid Sala Pardo Bazán 02/11/2012     B-13175(5) 1190435 23/02/2023 23/02/2023 Libro impreso